| 000 | 01243nam a22002657a 4500 | ||
|---|---|---|---|
| 005 | 20170124103055.0 | ||
| 010 | _aA-427772 | ||
| 020 |
_c35.00 _a8185050244 |
||
| 035 | _aA-427772 | ||
| 037 | _bCen Lib/Ret | ||
| 040 |
_aDPL _bHN |
||
| 082 |
_aउ _bरज़िया |
||
| 100 |
_aरज़िया नूर मुहम्मद _974569 |
||
| 245 |
_aडॉक्टर सलीम / _cरज़िया नूर मुहम्मद;अनुवादक कान्ता आनन्द |
||
| 246 |
_aDoctor Saleem / _bby Razia Noor Muhammad;anuvadak Kanta Anand |
||
| 260 |
_aदिल्ली _bकादम्बरी प्रकाशन _c1990 |
||
| 270 |
_a5451, शिव मार्किट, न्यू चंद्रावल जवाहर नगर _bदिल्ली _e110007 |
||
| 300 |
_a127पृ. _c17सेमी (सजिल्द ) |
||
| 650 |
_aहिंदी साहित्य _x _z _9103766 |
||
| 650 |
_aहिंदी साहित्य--उपन्यास _v _9103767 |
||
| 650 |
_aHindi literature _9103768 |
||
| 650 |
_aHindi literature--Novel _9103769 |
||
| 700 |
_aआनन्द, कान्ता _9103770 |
||
| 942 |
_2ddc _cHN _hउ _mरज़िया |
||
| 999 |
_c117432 _d117432 |
||